Statistics for Disney characters beginning with the letter S

Click here to take the quiz!

General Stats

  • This quiz has been taken 49 times
    (48 since last reset)
  • The average score is 6 of 20

Answer Stats

Answer% Correct
Snow White
77%
Simba
69%
Sleepy
63%
Sneezy
60%
Sebastian
54%
Scar
51%
Shere Khan
46%
Sarabi
34%
Stitch
34%
Scuttle
31%
Shenzi
20%
Sheriff of Nottingham
17%
Shan Yu
14%
Sarafina
11%
Spot
11%
Scamp
9%
Silvermist
9%
Sparky
9%
Princess Sofia
6%
Scrooge McDuck
6%

Score Distribution

Percentile by Number Answered

Percent of People with Each Score

Your Score History

You have not taken this quiz since the last reset